|
|
|
|
| LEADER |
01579cas a2200241 a 4500 |
| 001 |
AALejournalIMF006739 |
| 008 |
230101c9999 xx r poo 0 0eng d |
| 020 |
|
|
|c 5.00 USD
|
| 020 |
|
|
|z 9781455208487
|
| 022 |
|
|
|a 1934-7685
|
| 040 |
|
|
|a BD-DhAAL
|c BD-DhAAL
|
| 110 |
2 |
|
|a International Monetary Fund.
|
| 245 |
1 |
0 |
|a Guyana :
|b Selected Issues.
|
| 264 |
|
1 |
|a Washington, D.C. :
|b International Monetary Fund,
|c 2010.
|
| 300 |
|
|
|a 1 online resource (30 pages)
|
| 490 |
1 |
|
|a IMF Staff Country Reports
|
| 500 |
|
|
|a <strong>Off-Campus Access:</strong> No User ID or Password Required
|
| 500 |
|
|
|a <strong>On-Campus Access:</strong> No User ID or Password Required
|
| 506 |
|
|
|a Electronic access restricted to authorized BRAC University faculty, staff and students
|
| 520 |
3 |
|
|a The aim is to analyze the main channels of transmission for shocks from the global economy to Guyana and assess their specific spillover magnitudes. The paper documents the transmission channels of external shocks to the real economy and the financial sector, citing magnitudes and risks. It then describes the policy response, including recent directions of monetary and fiscal policies to weather the spillover of external shocks on the domestic economy through the real and trade channel, and provides an outlook for the envisaged recovery of the global economy.
|
| 538 |
|
|
|a Mode of access: Internet
|
| 830 |
|
0 |
|a IMF Staff Country Reports; Country Report ;
|v No. 2010/293
|
| 856 |
4 |
0 |
|z Full text available on IMF
|u http://elibrary.imf.org/view/journals/002/2010/293/002.2010.issue-293-en.xml
|z IMF e-Library
|